000 00547nam a22002297a 4500
003 UA-OsUOA
001 134849
007 ta
008 20181212b un ||||| |||| 00| 0 ukr d
100 _aShestov L.
090 _a821.111
942 _cBK
040 _aUA-OsUOA
_beng
_cUA-OsUOA
_dUA-OsUOA
245 _aPotestas Clavium
300 _a411 р. с.
955 _a3
041 _aeng
080 _a821.111
260 _aOhio
_bOUP
_c1968
650 7 _a82 Література. Літературознавство
_2UDC
999 _c414821
_d414821